000
00270 a2200145 4500
001
181576
020
_a
040
_c
Magnum
100
_a
Ziraldo
240
1
0
_a
Brasil
_l
por
245
1
0
_a
Brasil
362
0
_a
1899
697
_a
MAGNITO: PARADIDATICO
942
_c
BK
999
_c
181576
_d
181576